Maths - Divide by 4 - Sudden Death - Statistics

General Stats
  • This quiz has been taken 870 times
  • The average score is 14 of 20
Answers on the Grid
Answers color-coded by a green-red scale on the quiz's grid according to % correct below.
1004
1002
998
920
840
804
784
772
644
602
540
486
448
354
316
294
286
222
124
108
92
84
76
64
54
44
36
30
24
16
 
Answer Stats
Answer % Correct
1004
86%
24
80%
16
79%
44
76%
36
75%
840
74%
64
73%
84
73%
804
72%
108
70%
448
70%
92
70%
124
69%
644
68%
920
67%
76
65%
784
63%
540
62%
316
61%
772
59%
No matching quizzes found
Score Distribution
Percent of People with Each Score
Percentile by Number Answered
Your Score History
You have not taken this quiz